[Event "Titled Tuesday intern op 17th Jan Early"]
[Site "Chess.com INT"]
[Date "2023.01.17"]
[Round "6"]
[White "Hamley, Ryan"]
[Black "Jiganchine, Roman"]
[Result "1-0"]
[WhiteElo "2080"]
[BlackElo "2205"]
[PlyCount "85"]
[EventDate "2023.01.17"]
[EventType "swiss (blitz)"]
[EventRounds "11"]
[EventCountry "USA"]
[SourceTitle "CBM 212 Extra"]
[Source "ChessBase"]
[SourceDate "2023.03.31"]
[SourceVersion "1"]
[SourceVersionDate "2023.03.31"]
[SourceQuality "1"]

1. d4 d5 2. c4 e6 3. Nf3 Nf6 4. g3 c6 5. Qc2 Be7 6. Bg2 0-0 7. 0-0 Nbd7 8. Nbd2 b6 9. b3 Bb7 10. Bb2 Rc8 11. e4 c5 12. e5 Ne4 13. Nxe4 dxe4 14. Nd2 cxd4 15. Bxd4 Qc7 16. Bxe4 b5 17. Bxh7+ Kh8 18. Be4 bxc4 19. bxc4 Nc5 20. Bxb7 Qxb7 21. Bxc5 Rxc5 22. Rfe1 g6 23. Nb3 Rcc8 24. c5 Kg7 25. h4 Rh8 26. Rac1 Bxh4 27. Qe4 Qe7 28. c6 Bg5 29. f4 Rh3 30. Rc3 Rch8 31. Qg2 Bxf4 32. c7 Rxg3 33. Rxg3 Bxg3 34. Qxg3 Qxc7 35. Rf1 Rh5 36. Nd4 Qb6 37. Qf2 Rg5+ 38. Kh2 Rh5+ 39. Kg3 Rg5+ 40. Kh4 Rf5 41. Nxf5+ exf5 42. Qxb6 axb6 43. Rb1 1-0

[Event "Titled Tuesday intern op 17th Jan Early"]
[Site "Chess.com INT"]
[Date "2023.01.17"]
[Round "8"]
[White "Jaskolka, Tomasz"]
[Black "Hamley, Ryan"]
[Result "0-1"]
[WhiteElo "2188"]
[BlackElo "2080"]
[PlyCount "96"]
[EventDate "2023.01.17"]
[EventType "swiss (blitz)"]
[EventRounds "11"]
[EventCountry "USA"]
[SourceTitle "CBM 212 Extra"]
[Source "ChessBase"]
[SourceDate "2023.03.31"]
[SourceVersion "1"]
[SourceVersionDate "2023.03.31"]
[SourceQuality "1"]

1. d4 Nf6 2. c4 e6 3. g3 d5 4. Bg2 Bb4+ 5. Nd2 0-0 6. Ngf3 dxc4 7. 0-0 b5 8. a4 c3 9. Nb3 Bb7 10. axb5 Nbd7 11. Ra4 cxb2 12. Bxb2 Bd6 13. Ne5 Bxg2 14. Kxg2 Qc8 15. Qd3 Qb7+ 16. f3 Nd5 17. Nxd7 Rfd8 18. Ndc5 Qc8 19. e4 Nb6 20. Raa1 e5 21. Rfd1 exd4 22. Qxd4 f6 23. Qc3 h5 24. h4 Be5 25. Qc2 Bd6 26. Rd2 Rf8 27. Rad1 Qe8 28. Nd4 Qe5 29. Nde6 Qxg3+ 30. Kf1 Qxf3+ 31. Rf2 Qh3+ 32. Rg2 Rf7 33. Qf2 Bxc5 34. Nxc5 Re8 35. Rd3 Qc8 36. Rdg3 Qd8 37. Qf3 Re5 38. Nd3 Rxb5 39. Kg1 Nc4 40. Bc3 Rb3 41. Nf4 Ne5 42. Qe3 Qd1+ 43. Kh2 Ng4+ 44. Rxg4 hxg4 45. Qc5 Qf3 46. Nh5 Qh3+ 47. Kg1 Rb1+ 48. Kf2 Qf3# 0-1

[Event "Titled Tuesday intern op 10th Jan Early"]
[Site "Chess.com INT"]
[Date "2023.01.10"]
[Round "1"]
[White "Bashirli, Saadat"]
[Black "Hamley, Ryan"]
[Result "1/2-1/2"]
[WhiteElo "1597"]
[BlackElo "2080"]
[PlyCount "134"]
[EventDate "2023.01.10"]
[EventType "swiss (blitz)"]
[EventRounds "11"]
[EventCountry "USA"]
[SourceTitle "EXT 2024"]
[Source "ChessBase"]
[SourceDate "2023.10.10"]
[SourceVersion "1"]
[SourceVersionDate "2023.10.10"]
[SourceQuality "1"]

1. d4 Nf6 2. c4 e6 3. Nc3 Bb4 4. e3 0-0 5. Bd3 Bxc3+ 6. bxc3 d6 7. Nf3 Nbd7 8. 0-0 b6 9. e4 e5 10. Bg5 Re8 11. Bc2 h6 12. Bxf6 Qxf6 13. Ba4 exd4 14. cxd4 Rxe4 15. Bc6 Ba6 16. Bxe4 Re8 17. Bd3 Nf8 18. Re1 Rd8 19. Qa4 Bb7 20. Be4 Bxe4 21. Rxe4 Ne6 22. Rae1 d5 23. cxd5 Rxd5 24. Qc6 Rd6 25. Qe8+ Kh7 26. Ne5 Ng5 27. Rg4 Qf5 28. Qb5 f6 29. Qd3 g6 30. Qxf5 gxf5 31. Nc4 fxg4 32. Nxd6 cxd6 33. Re7+ Kg6 34. Rxa7 Ne6 35. d5 Nf4 36. Rd7 Nxd5 37. Rxd6 Nc3 38. Rxb6 Nxa2 39. Rb3 Nc1 40. Re3 Na2 41. Re4 f5 42. Ra4 Nc3 43. Ra6+ Kg5 44. Kf1 h5 45. Ra8 h4 46. Rg8+ Kf4 47. Re8 Ne4 48. g3+ hxg3 49. hxg3+ Kf3 50. Rf8 Nd2+ 51. Ke1 Ne4 52. Rxf5+ Kg2 53. Rf4 Ng5 54. Rxg4 Nf3+ 55. Ke2 Ng1+ 56. Ke3 Nh3 57. Rg8 Nxf2 58. g4 Nd1+ 59. Kf4 Nc3 60. g5 Nd5+ 61. Kf5 Ne7+ 62. Kf6 Nxg8+ 63. Kg7 Ne7 64. Kf7 Nf5 65. g6 Kg3 66. Kf6 Kg4 67. g7 Nxg7 1/2-1/2

[Event "Titled Tuesday intern op 10th Jan Late"]
[Site "Chess.com INT"]
[Date "2023.01.10"]
[Round "8"]
[White "Hamley, Ryan"]
[Black "Keleberda, Timur"]
[Result "0-1"]
[WhiteElo "2080"]
[BlackElo "2282"]
[PlyCount "164"]
[EventDate "2023.01.10"]
[EventType "swiss (blitz)"]
[EventRounds "11"]
[EventCountry "USA"]
[SourceTitle "EXT 2024"]
[Source "ChessBase"]
[SourceDate "2023.10.10"]
[SourceVersion "1"]
[SourceVersionDate "2023.10.10"]
[SourceQuality "1"]

1. d4 Nf6 2. c4 e6 3. Nf3 b6 4. g3 Bb7 5. Bg2 Be7 6. 0-0 0-0 7. Nc3 Ne4 8. Bd2 d5 9. cxd5 exd5 10. Be1 Nd7 11. Nd2 Nd6 12. Nxd5 Bg5 13. Nc3 Bxg2 14. Kxg2 c5 15. dxc5 Nxc5 16. Nf3 Bf6 17. Bd2 Nc4 18. Qc2 Nxd2 19. Qxd2 g6 20. Rad1 Re8 21. Nd5 Bg7 22. Qf4 Ne6 23. Qa4 Bxb2 24. Rd2 Bg7 25. Rfd1 Qc8 26. e3 Nc5 27. Qc4 Qb7 28. Kg1 Rac8 29. Qf4 Re4 30. Qd6 Re6 31. Qf4 Ne4 32. Rd3 h6 33. h4 Nc5 34. R3d2 Re4 35. Nf6+ Bxf6 36. Qxf6 Re6 37. Qf4 Qe4 38. Nd4 Qxf4 39. gxf4 Re7 40. Rc2 Rce8 41. Kg2 h5 42. Kf3 Kg7 43. f5 Kf6 44. Rg1 gxf5 45. Rg5 Ne4 46. Rxf5+ Kg6 47. Rf4 f6 48. Rc6 Re5 49. Ke2 Ra5 50. Kf3 Nd2+ 51. Kg2 Ne4 52. Rc2 Ra3 53. f3 Nc5 54. e4 Re5 55. Nf5 Nd3 56. Kg3 Nxf4 57. Kxf4 Ra4 58. Ke3 Kf7 59. Rc7+ Kf8 60. Rc8+ Re8 61. Rc7 Rxa2 62. Nd6 Re5 63. f4 Rc5 64. Rf7+ Kg8 65. Rxf6 a5 66. e5 a4 67. e6 Rc1 68. Ne4 Re1+ 69. Kd4 Rae2 70. Ng5 a3 71. Rg6+ Kf8 72. Rf6+ Ke8 73. Rh6 a2 74. Rh8+ Ke7 75. Rh7+ Kd6 76. Ra7 a1Q+ 77. Rxa1 Rxa1 78. f5 Rd1+ 79. Kc3 b5 80. Nf3 Re3+ 81. Kc2 Rd5 82. e7 Rxe7 0-1

[Event "Titled Tuesday intern op 10th Jan Late"]
[Site "Chess.com INT"]
[Date "2023.01.10"]
[Round "7"]
[White "Hamley, Ryan"]
[Black "Khandelwal, Ankush"]
[Result "1-0"]
[WhiteElo "2080"]
[BlackElo "2228"]
[PlyCount "45"]
[EventDate "2023.01.10"]
[EventType "swiss (blitz)"]
[EventRounds "11"]
[EventCountry "USA"]
[SourceTitle "EXT 2024"]
[Source "ChessBase"]
[SourceDate "2023.10.10"]
[SourceVersion "1"]
[SourceVersionDate "2023.10.10"]
[SourceQuality "1"]

1. d4 Nf6 2. c4 g6 3. Nc3 Bg7 4. e4 d6 5. Be3 0-0 6. h3 Na6 7. g4 b6 8. Nge2 Bb7 9. Ng3 Nxe4 10. Ngxe4 f5 11. gxf5 gxf5 12. Rg1 fxe4 13. Qg4 Rf7 14. Nxe4 Qc8 15. Ng5 Qxg4 16. Rxg4 Rf6 17. Bd3 h6 18. Ne4 Bxe4 19. Bxe4 Raf8 20. Ke2 c5 21. Rag1 R8f7 22. Bg6 Rf8 23. Bh5 1-0

[Event "Titled Tuesday intern op 10th Jan Late"]
[Site "Chess.com INT"]
[Date "2023.01.10"]
[Round "3"]
[White "Hamley, Ryan"]
[Black "Zakhartsov, Vladimir"]
[Result "0-1"]
[WhiteElo "2080"]
[BlackElo "2537"]
[PlyCount "52"]
[EventDate "2023.01.10"]
[EventType "swiss (blitz)"]
[EventRounds "11"]
[EventCountry "USA"]
[SourceTitle "EXT 2024"]
[Source "ChessBase"]
[SourceDate "2023.10.10"]
[SourceVersion "1"]
[SourceVersionDate "2023.10.10"]
[SourceQuality "1"]

1. d4 Nf6 2. c4 e6 3. Nf3 c5 4. d5 exd5 5. cxd5 g6 6. Nc3 d6 7. e4 Bg7 8. Bf4 0-0 9. Be2 b5 10. Nd2 a6 11. 0-0 Re8 12. Bf3 b4 13. Ne2 Bg4 14. Ng3 h5 15. Nc4 Nxe4 16. Bxg4 hxg4 17. Qxg4 Nd7 18. Rfe1 Nef6 19. Qf3 Rxe1+ 20. Rxe1 Nb6 21. Nxd6 Nfxd5 22. Nxf7 Kxf7 23. Ne4 Kg8 24. Nxc5 Qf6 25. Ne6 Re8 26. Bd2 Rxe6 0-1

[Event "Titled Tuesday intern op 10th Jan Late"]
[Site "Chess.com INT"]
[Date "2023.01.10"]
[Round "5"]
[White "Ibarra Jerez, Jose Carlos"]
[Black "Hamley, Ryan"]
[Result "1-0"]
[WhiteElo "2563"]
[BlackElo "2080"]
[PlyCount "137"]
[EventDate "2023.01.10"]
[EventType "swiss (blitz)"]
[EventRounds "11"]
[EventCountry "USA"]
[SourceTitle "EXT 2024"]
[Source "ChessBase"]
[SourceDate "2023.10.10"]
[SourceVersion "1"]
[SourceVersionDate "2023.10.10"]
[SourceQuality "1"]

1. Nf3 Nf6 2. g3 g6 3. b3 Bg7 4. Bb2 0-0 5. Bg2 d5 6. c4 c5 7. cxd5 Nxd5 8. Bxg7 Kxg7 9. 0-0 Nc6 10. d4 cxd4 11. Nxd4 Nxd4 12. Qxd4+ Nf6 13. Qe5 Re8 14. Nc3 Qb6 15. Na4 Qd6 16. Qxd6 exd6 17. e3 Rb8 18. Rfd1 Rd8 19. Rac1 Bg4 20. Rd4 b5 21. Nb2 Bf5 22. Rc6 Ne8 23. g4 Bc8 24. Rc2 Bb7 25. Bxb7 Rxb7 26. Nd3 Kf6 27. Nb4 a5 28. Nd5+ Kg7 29. g5 Kf8 30. Rh4 Kg8 31. Re4 Kg7 32. Kg2 f6 33. h4 h6 34. Nf4 Ra8 35. Ne6+ Kf7 36. gxh6 Re7 37. h7 Ng7 38. Nc7 Rh8 39. Rxe7+ Kxe7 40. Nd5+ Ke6 41. Nf4+ Kf5 42. Rc7 Rxh7 43. Kf3 g5 44. e4+ Ke5 45. Ng6+ Kd4 46. Nf8 gxh4 47. Nxh7 Ne6 48. Rc1 Nc5 49. Rd1+ Ke5 50. Rd5+ Ke6 51. Rh5 Nd3 52. Rxh4 Ne5+ 53. Ke2 a4 54. Rh6 axb3 55. Rxf6+ Kd7 56. axb3 Nc6 57. Rg6 Nd4+ 58. Kd3 Nxb3 59. Nf6+ Kc6 60. Nd5 Nc5+ 61. Ke3 b4 62. Rg8 b3 63. Rb8 Kd7 64. f4 Ke6 65. f5+ Kf7 66. Rb6 Nd7 67. Rb7 Ke8 68. Rxb3 Ne5 69. Rb7 1-0

[Event "Titled Tuesday intern op 10th Jan Early"]
[Site "Chess.com INT"]
[Date "2023.01.10"]
[Round "9"]
[White "Kukhmazov, Arsen"]
[Black "Hamley, Ryan"]
[Result "1-0"]
[WhiteElo "2495"]
[BlackElo "2080"]
[PlyCount "109"]
[EventDate "2023.01.10"]
[EventType "swiss (blitz)"]
[EventRounds "11"]
[EventCountry "USA"]
[SourceTitle "EXT 2024"]
[Source "ChessBase"]
[SourceDate "2023.10.10"]
[SourceVersion "1"]
[SourceVersionDate "2023.10.10"]
[SourceQuality "1"]

1. d4 Nf6 2. c4 g6 3. h4 h5 4. Nc3 Bg7 5. e4 d6 6. Be2 0-0 7. Be3 e5 8. d5 c5 9. f3 a6 10. Nh3 Re8 11. Ng5 Nbd7 12. Qd2 Nf8 13. a3 Bd7 14. b4 b6 15. Kf2 Qc7 16. bxc5 bxc5 17. Rhb1 Reb8 18. Bd1 Qa5 19. Qc1 N8h7 20. Bd2 Nxg5 21. hxg5 Nh7 22. a4 Qd8 23. a5 f5 24. gxf6 Qxf6 25. Rb6 g5 26. Rab1 Rxb6 27. axb6 g4 28. b7 Rb8 29. Ke2 Qh4 30. Ba4 Bxa4 31. Nxa4 Qg3 32. Qh1 Nf6 33. Rb6 Nd7 34. Rb3 h4 35. Be1 Qf4 36. Qxh4 gxf3+ 37. gxf3 Qc1 38. Rc3 Qa1 39. Qe7 Qxa4 40. Qxd6 Rxb7 41. Bd2 Qa5 42. Qe6+ Kf8 43. d6 Nf6 44. Rd3 Qd8 45. Qxe5 Rd7 46. Qxc5 Ne8 47. e5 Qh4 48. f4 Qh2+ 49. Kd1 Qh1+ 50. Kc2 Qe4 51. Qd5 Qe2 52. c5 Nc7 53. dxc7 Rxd5 54. c8Q+ Kf7 55. Qb7+ 1-0

[Event "Titled Tuesday intern op 13th Dec Early"]
[Site "Chess.com INT"]
[Date "2022.12.13"]
[Round "7"]
[White "Gareyev, Timur"]
[Black "Hamley, Ryan"]
[Result "1-0"]
[WhiteElo "2602"]
[BlackElo "2080"]
[PlyCount "77"]
[EventDate "2022.12.13"]
[EventType "swiss (blitz)"]
[EventRounds "11"]
[EventCountry "USA"]
[SourceTitle "EXT 2024"]
[Source "ChessBase"]
[SourceDate "2023.10.10"]
[SourceVersion "1"]
[SourceVersionDate "2023.10.10"]
[SourceQuality "1"]

1. d4 Nf6 2. c4 e6 3. g4 d5 4. Bg2 c6 5. g5 Ne4 6. h4 Bb4+ 7. Kf1 0-0 8. a3 Bd6 9. Nc3 Nxc3 10. bxc3 dxc4 11. a4 Nd7 12. f4 Qc7 13. e3 Nb6 14. Qf3 Nd5 15. e4 Nxf4 16. e5 Bxe5 17. dxe5 Nxg2 18. Kxg2 Qxe5 19. Bf4 Qf5 20. Re1 b6 21. Bd6 Rd8 22. Qxf5 exf5 23. Bc7 Rd2+ 24. Re2 Rxe2+ 25. Nxe2 Be6 26. Nf4 Rc8 27. Rd1 Kf8 28. Nxe6+ fxe6 29. Rd7 b5 30. Bd6+ Kg8 31. Be5 bxa4 32. Rxg7+ Kf8 33. Rxa7 Rd8 34. h5 Rd2+ 35. Kf3 Rd3+ 36. Kf4 Rd1 37. g6 hxg6 38. h6 a3 39. h7 1-0

[Event "Titled Tuesday intern op 13th Dec Early"]
[Site "Chess.com INT"]
[Date "2022.12.13"]
[Round "4"]
[White "Hamley, Ryan"]
[Black "D'Arruda, Ricardo D"]
[Result "1-0"]
[WhiteElo "2080"]
[BlackElo "2271"]
[PlyCount "87"]
[EventDate "2022.12.13"]
[EventType "swiss (blitz)"]
[EventRounds "11"]
[EventCountry "USA"]
[SourceTitle "EXT 2024"]
[Source "ChessBase"]
[SourceDate "2023.10.10"]
[SourceVersion "1"]
[SourceVersionDate "2023.10.10"]
[SourceQuality "1"]

1. e4 c5 2. Nf3 Nc6 3. Bb5 g6 4. c3 Bg7 5. 0-0 Nf6 6. Re1 0-0 7. d4 cxd4 8. cxd4 d5 9. e5 Ne4 10. Be3 Bd7 11. Nbd2 Nxe5 12. Bxd7 Nxd7 13. Nxe4 dxe4 14. Ng5 Nf6 15. Qb3 Qd7 16. Rac1 h6 17. Nh3 Nd5 18. Nf4 e6 19. Red1 Rac8 20. h4 h5 21. Ne2 Rxc1 22. Bxc1 Rc8 23. Bg5 b5 24. Re1 a5 25. Ng3 f5 26. f3 Bxd4+ 27. Kh1 Bf2 28. Rd1 e3 29. Ne2 Rc4 30. g3 Qc6 31. Qd3 Rc2 32. Nd4 e2 33. Nxc6 exd1Q+ 34. Qxd1 Rxc6 35. Kg2 Be3 36. Qd3 Kf7 37. Bxe3 Rc2+ 38. Kh3 Nxe3 39. Qxe3 Rxb2 40. Qa7+ Kf8 41. Qxa5 Kf7 42. Qa7+ Kf8 43. Qa3+ b4 44. Qxb2 1-0

[Event "Titled Tuesday intern op 13th Dec Late"]
[Site "Chess.com INT"]
[Date "2022.12.13"]
[Round "2"]
[White "Hamley, Ryan"]
[Black "Kozak, Adam"]
[Result "0-1"]
[WhiteElo "2080"]
[BlackElo "2549"]
[PlyCount "58"]
[EventDate "2022.12.13"]
[EventType "swiss (blitz)"]
[EventRounds "11"]
[EventCountry "USA"]
[SourceTitle "EXT 2024"]
[Source "ChessBase"]
[SourceDate "2023.10.10"]
[SourceVersion "1"]
[SourceVersionDate "2023.10.10"]
[SourceQuality "1"]

1. d4 Nf6 2. Nf3 g6 3. Nbd2 d5 4. b4 Bg7 5. e3 0-0 6. c4 c6 7. Be2 Bf5 8. Bb2 Ne4 9. 0-0 Nxd2 10. Nxd2 Nd7 11. Bf3 Be6 12. cxd5 Bxd5 13. e4 Be6 14. Qc2 Nb6 15. Rfd1 Qd6 16. a3 Rfd8 17. Nf1 Bc4 18. Ne3 Ba6 19. Rd2 e5 20. d5 cxd5 21. Nxd5 Rac8 22. Qd1 Nc4 23. Rc2 b5 24. a4 Bb7 25. axb5 Bxd5 26. exd5 Nxb2 27. Rxb2 e4 28. Ra6 Qxd5 29. Qxd5 Rc1+ 0-1

[Event "Titled Tuesday intern op 13th Dec Early"]
[Site "Chess.com INT"]
[Date "2022.12.13"]
[Round "3"]
[White "Rosenberg, Evan"]
[Black "Hamley, Ryan"]
[Result "1/2-1/2"]
[WhiteElo "1938"]
[BlackElo "2080"]
[PlyCount "162"]
[EventDate "2022.12.13"]
[EventType "swiss (blitz)"]
[EventRounds "11"]
[EventCountry "USA"]
[SourceTitle "EXT 2024"]
[Source "ChessBase"]
[SourceDate "2023.10.10"]
[SourceVersion "1"]
[SourceVersionDate "2023.10.10"]
[SourceQuality "1"]

1. d4 Nf6 2. Nf3 g6 3. Nc3 d5 4. Bf4 Bg7 5. Nb5 Na6 6. e3 0-0 7. h3 Ne4 8. Nd2 Nxd2 9. Qxd2 c6 10. Nc3 c5 11. Bxa6 bxa6 12. 0-0 Bb7 13. Na4 cxd4 14. exd4 Bc6 15. Nc5 Rc8 16. c3 Re8 17. Rfe1 Qb6 18. b4 a5 19. a3 e6 20. h4 h5 21. Re3 Qb5 22. a4 Qc4 23. b5 Ba8 24. Rg3 e5 25. Bh6 Bh8 26. Rd1 exd4 27. cxd4 Bxd4 28. Qxd4 Re1+ 29. Kh2 Qxd4 30. Rxd4 Rxc5 31. Re3 Rxe3 32. fxe3 Bb7 33. Kg3 Rc3 34. Kf4 Kh7 35. Bg5 Kg7 36. Ke5 Rc2 37. g3 Rf2 38. Kd6 f6 39. Bf4 Rc2 40. Ke6 Bc8+ 41. Ke7 Bb7 42. Ke6 Bc8+ 43. Kxd5 Kf7 44. Kd6 Be6 45. Re4 Rd2+ 46. Kc7 Rd7+ 47. Kc6 Rd8 48. Rd4 Rc8+ 49. Bc7 Re8 50. Rd6 Bf5 51. Rd8 Be4+ 52. Kc5 Re7 53. Bd6 Re6 54. Rf8+ Kg7 55. Rd8 g5 56. hxg5 fxg5 57. Kd4 h4 58. Be5+ Kg6 59. gxh4 gxh4 60. Rd6 h3 61. Rxe6+ Kf5 62. Rh6 Bg2 63. Rxh3 Bxh3 64. Bb8 a6 65. bxa6 Bg2 66. a7 Ba8 67. Bc7 Ke6 68. Bxa5 Kd7 69. Bb6 Ke6 70. a5 Ke7 71. e4 Kd7 72. Kc5 Bxe4 73. Kb5 Ba8 74. Ka6 Kc8 75. Bc5 Kc7 76. Bf8 Kc6 77. Bh6 Kc7 78. Be3 Kc6 79. Bd4 Kc7 80. Bb6+ Kc6 81. Bc5 Kxc5 1/2-1/2

[Event "Titled Tuesday intern op 13th Dec Early"]
[Site "Chess.com INT"]
[Date "2022.12.13"]
[Round "1"]
[White "Tsatsalashvili, Ketevan"]
[Black "Hamley, Ryan"]
[Result "0-1"]
[WhiteElo "2303"]
[BlackElo "2080"]
[PlyCount "110"]
[EventDate "2022.12.13"]
[EventType "swiss (blitz)"]
[EventRounds "11"]
[EventCountry "USA"]
[SourceTitle "EXT 2024"]
[Source "ChessBase"]
[SourceDate "2023.10.10"]
[SourceVersion "1"]
[SourceVersionDate "2023.10.10"]
[SourceQuality "1"]

1. d4 Nf6 2. c4 e6 3. Nf3 d5 4. Nc3 Be7 5. Bg5 0-0 6. e3 a6 7. Rc1 dxc4 8. Bxc4 b5 9. Bd3 Bb7 10. 0-0 Nbd7 11. Qe2 c5 12. dxc5 Nxc5 13. Bb1 Rc8 14. Rfd1 Qb6 15. b4 Na4 16. Nxa4 bxa4 17. a3 a5 18. bxa5 Qxa5 19. h4 h6 20. Bxf6 Bxf6 21. Nd4 Rfd8 22. Rxc8 Rxc8 23. Qd3 g6 24. Nxe6 Qe5 25. Nf4 Rd8 26. Qc2 Rxd1+ 27. Qxd1 Qb2 28. Qd3 Qc1+ 29. Kh2 Qc7 30. g3 Qc6 31. Nd5 Kg7 32. e4 Be5 33. Ba2 Qc1 34. Ne3 Qc7 35. Qc4 Qd7 36. Nd5 h5 37. Nb6 Qg4 38. Kg2 Bxe4+ 39. Kf1 Qh3+ 40. Ke2 Qg2 41. Qxf7+ Kh6 42. Qf8+ Bg7 43. Qf4+ Kh7 44. Bf7 Bf5 45. Nd5 Bg4+ 46. Ke3 Qf1 47. Nf6+ Bxf6 48. Qxf6 Qe1+ 49. Kd4 Qa1+ 50. Kc5 Qxf6 51. Bd5 Qc3+ 52. Kd6 Qxa3+ 53. Kc7 Qb2 54. Bc6 a3 55. Bd5 a2 0-1